What's fair got to do with it : diversity cases from environmental educators

Αποθηκεύτηκε σε:
Λεπτομέρειες βιβλιογραφικής εγγραφής
Άλλοι συγγραφείς: Madfes, Tania J. (Επιμελητής έκδοσης)
Μορφή: Βιβλίο
Γλώσσα:English
Δημοσίευση: San Francisco, CA : WestEd, c2004
Θέματα:
Ετικέτες: Προσθήκη ετικέτας
Δεν υπάρχουν, Καταχωρήστε ετικέτα πρώτοι!

MARC

LEADER 00000nam a2200000 i 4500
001 1/87530
008 080603s2004 eng d
020 |a 978-0-914409-20-5 
020 |a 0-914409-20-4 
035 |l 10097895 
040 |a GR-MY-UA  |b gre  |e aacr 
041 0 |a eng 
082 0 |a 372.357  |2 (22) 
245 1 0 |a What's fair got to do with it :  |b diversity cases from environmental educators /  |c edited by Tania J. Madfes 
260 |a San Francisco, CA :   |b WestEd,   |c c2004 
300 |a iv, 122 σ.;  |b εικ.;  |c 23 εκ. 
504 |a Βιβλιογραφία: σ. 108 
650 0 0 |a Environmental education. 
650 0 0 |a Diversity in the workplace. 
700 1 |a Madfes, Tania J.  |4 edt 
852 |a INST  |b LESVOS  |e 20080603  |h 372.357 WHA  |p 005100042320  |q 005100042320  |t BK  |y 0 
901 |a BIBL1-2008-2 
909 |a Λ  |b 152016 
922 |a 1ΕΛΗ  |b 200803  |c ΕΠΕΑΕΚ2/ΤΠ  |d ΕΛΕΥΘΕΡΟΥΔΑΚΗΣ 
970 |a ΓΙΑΛΑΜΑ  |b ΜΑΡΙΑ  |z 2008/06/03